Thị trường chứng khoán vận hành như thế nào?

Sách trình bày những hoạt động của thị trường chứng khoán, bao gồm nguồn gốc của thị trường chứng khoán, công ty môi giới, thị trường thứ cấp, bộ phận hậu cần theo dõi hành trình của chứng khoán, các lý thuyết về thị trường chứng k...

Celý popis

Uloženo v:
Podrobná bibliografie
Hlavní autor: John M Dalton
Médium: Kniha
Jazyk:Undetermined
Vydáno: Tp. HCM Nxb. Tp. HCM 1998
Témata:
Tagy: Přidat tag
Žádné tagy, Buďte první, kdo otaguje tento záznam!
Thư viện lưu trữ: Trung tâm Học liệu Trường Đại học Cần Thơ
LEADER 01096nam a2200181Ia 4500
001 CTU_24966
008 210402s9999 xx 000 0 und d
082 |a 332.642 
082 |b D232 
100 |a John M Dalton 
245 0 |a Thị trường chứng khoán vận hành như thế nào? 
245 0 |c John M Dalton; Dịch giả: Hoài Văn, Lê 
260 |a Tp. HCM 
260 |b Nxb. Tp. HCM 
260 |c 1998 
520 |a Sách trình bày những hoạt động của thị trường chứng khoán, bao gồm nguồn gốc của thị trường chứng khoán, công ty môi giới, thị trường thứ cấp, bộ phận hậu cần theo dõi hành trình của chứng khoán, các lý thuyết về thị trường chứng khoán và cuối cùng là những hậu quả khi thị trường chứng khoán bị ép buộc phải hoạt động dười áp lực của sự sụp đổ 
650 |a stock exchanges 
980 |a Trung tâm Học liệu Trường Đại học Cần Thơ